000 01630nam2a2200241 4500
001 rc\2920740
005 20260315054732.0
035 _a(NLR Aleph) 007070956
090 _a13595403
_c13595403
100 _a20110812d1934 u y0rusy50 ca
101 0 _arus
102 _aRU
105 _ay z |||||
200 1 _aМоторист, обслуживающий электродвигатели ...
_fСост. инж.-методистом А.Н. Шмелевым
210 _d1934
215 _a[4], 47 с.
461 0 _1001rc\2920737
_12001#$aПрограммы инструкторского обучения$eВып. 4-$fНКТП. Глав. упр. учеб. заведениями. Гос. центр. бюро по обуч. рабочих теплосилового хозяйства и рационализации его обслуживания "Энергокадры"$vВып. 6
_96380030
_aСССР. Центральное бюро по обучению рабочих теплосилового хозяйства и рационализации его обслуживания
_cМосква
_d1934
_fНКТП. Глав. упр. учеб. заведениями. Гос. центр. бюро по обуч. рабочих теплосилового хозяйства и рационализации его обслуживания "Энергокадры"
_nБ. и.
_oВып. 4-
_tПрограммы инструкторского обучения
_vВып. 6
702 1 _aШмелев
_bА.Н.
_4220
801 0 _aRU
_bNLR
_gpsbo
801 1 _aRU
_bELAR
_2rusmarc
852 _aNLR
_j34-20/337(6)
942 _cUNSPEC
980 _aNB